Training in interpersonal skills : (Record no. 20028)
[ view plain ]
| 000 -LEADER | |
|---|---|
| fixed length control field | 00983cam a22002775a 4500 |
| 001 - CONTROL NUMBER | |
| control field | 016536055 |
| 003 - CONTROL NUMBER IDENTIFIER | |
| control field | OSt |
| 005 - DATE AND TIME OF LATEST TRANSACTION | |
| control field | 20201128021400.0 |
| 008 - FIXED-LENGTH DATA ELEMENTS--GENERAL INFORMATION | |
| fixed length control field | 131105t2014 enka frb 001 0 eng d |
| 020 ## - INTERNATIONAL STANDARD BOOK NUMBER | |
| International Standard Book Number | 9781292020693 (paperback) |
| 020 ## - INTERNATIONAL STANDARD BOOK NUMBER | |
| International Standard Book Number | 1292020695 (paperback) |
| 040 ## - CATALOGING SOURCE | |
| Original cataloging agency | Uk |
| Language of cataloging | eng |
| Transcribing agency | Uk |
| Modifying agency | EG-ScBUE |
| 082 04 - DEWEY DECIMAL CLASSIFICATION NUMBER | |
| Edition number | 22 |
| Classification number | 658.302 |
| Item number | ROB |
| 100 1# - MAIN ENTRY--PERSONAL NAME | |
| Personal name | Robbins, Stephen P., |
| Dates associated with a name | 1943- |
| 9 (RLIN) | 8040 |
| 245 10 - TITLE STATEMENT | |
| Title | Training in interpersonal skills : |
| Remainder of title | TIPS for managing people at work / |
| Statement of responsibility, etc | Stephen Robbins, Phillip Hunsaker. |
| 250 ## - EDITION STATEMENT | |
| Edition statement | 6th ed., Pearson new international ed. |
| 260 ## - PUBLICATION, DISTRIBUTION, ETC. (IMPRINT) | |
| Place of publication, distribution, etc | Harlow : |
| Name of publisher, distributor, etc | Pearson Education Limited, |
| Date of publication, distribution, etc | c.2014. |
| 300 ## - PHYSICAL DESCRIPTION | |
| Extent | ii, 376 p. : |
| Other physical details | ill. ; |
| Dimensions | 28 cm. |
| 500 ## - GENERAL NOTE | |
| General note | Index : p. 371-376.<br/> |
| 504 ## - BIBLIOGRAPHY, ETC. NOTE | |
| Bibliography, etc | Includes bibliographical references. |
| 650 #7 - SUBJECT ADDED ENTRY--TOPICAL TERM | |
| Topical term or geographic name as entry element | Supervision of employees. |
| Source of heading or term | BUEsh |
| 9 (RLIN) | 3347 |
| 650 #7 - SUBJECT ADDED ENTRY--TOPICAL TERM | |
| Topical term or geographic name as entry element | Interpersonal communication. |
| Source of heading or term | BUEsh |
| 9 (RLIN) | 821 |
| 653 ## - INDEX TERM--UNCONTROLLED | |
| Resource For college | BAEPS, Business Administration |
| Arrived date list | June2015 |
| -- | February2016 |
| 700 1# - ADDED ENTRY--PERSONAL NAME | |
| Personal name | Hunsaker, Phillip L. |
| 9 (RLIN) | 3349 |
| 942 ## - ADDED ENTRY ELEMENTS (KOHA) | |
| Source of classification or shelving scheme | Dewey Decimal Classification |
| Withdrawn status | Lost status | Source of classification or shelving scheme | Damaged status | Not for loan | Koha collection | Home library | Current library | Shelving location | Date acquired | Source of acquisition | Cost, normal purchase price | Serial Enumeration / chronology | Total Checkouts | Total Renewals | Full call number | Barcode | Date last seen | Date last borrowed | Cost, replacement price | Koha item type | Checked out |
|---|---|---|---|---|---|---|---|---|---|---|---|---|---|---|---|---|---|---|---|---|---|
| Dewey Decimal Classification | Alahram | Central Library | Central Library | First floor | 29/06/2015 | Purchase | 269.00 | 339 | 4 | 13 | 658.302 ROB | 000039210 | 15/07/2025 | 05/12/2019 | 336.25 | Book - Borrowing | |||||
| Dewey Decimal Classification | Academic Bookshop | Central Library | Central Library | First floor | 23/02/2016 | Purchase | 285.00 | 4862 | 3 | 658.302 ROB | 000031674 | 15/07/2025 | 05/11/2019 | 356.25 | Book - Borrowing | ||||||
| Dewey Decimal Classification | Academic Bookshop | Central Library | Central Library | First floor | 23/02/2016 | Purchase | 285.00 | 4862 | 3 | 15 | 658.302 ROB | 000031675 | 15/07/2025 | 01/12/2020 | 356.25 | Book - Borrowing | |||||
| Dewey Decimal Classification | Academic Bookshop | Central Library | Central Library | First floor | 23/02/2016 | Purchase | 285.00 | 4862 | 5 | 27 | 658.302 ROB | 000031676 | 11/02/2021 | 11/02/2021 | 356.25 | Book - Borrowing | 25/02/2021 |